000 01075nam a2200253Ia 4500
999 _c51353
_d51353
001 18335
003 GE_BSU
005 20250318120229.0
008 181216s2016||||ge |||||||||||||| ||geo||
020 _a9789941250262
040 _cGE_BSU
041 _ageo
080 _a343.13 შ-19
100 _aშალიკაშვილი, მორის.
_924586
245 _aარასრულწლოვანთა მართლმსაჯულება :
_b(სახელმძღვანელო) /
_cმორის შალიკაშვილი, გივი მიქანაძე.
250 _aმეორე გამოცემა.
264 _aთბილისი :
_bმერიდიანი,
_c2016.
300 _a343 გვ.
_b24 სმ.
504 _aბიბლ. გვ.322-331
653 _aარასრულწლოვანთა მართლმსაჯულება
653 _aსამართალი
700 _aმიქანაძე, გივი
_eავტორი
_924587
942 _cBK
_2udc